000 00747nam a2200253 a 4500
001 BRCA_4358
005 20190320204635.0
008 151208s1941----mx-a---###---#000-0#spa-u
041 _aspa
044 _amx
050 4 _aF1226
_b.B73 2
_c1941
100 1 _aBravo Ugarte, José
_98156
245 1 0 _aHistoria de México
_cJosé Bravo Ugarte.
260 _aMéxico
_bJus
_c1941
300 _a350 p. (v.2)
_c24 cm.
500 _aIncluye Apéndice: Gobernantes de la Nueva España, índice onomástico e índice de materias
500 _aEjemplar igual a B57 v.2
500 _aB58
504 _aBibliografía: p. 305-318
505 0 _aContenido: v.2. La Nueva España
651 4 _aMéxico
_xHistoria
_9614
902 _aGFM
942 _2lcc
_cB
999 _c4069
_d4069